| 000 | 00448nam a22001697a 4500 | ||
|---|---|---|---|
| 003 | SEACOMMC | ||
| 005 | 20231109095854.0 | ||
| 008 | 231109b |||||||| |||| 00| 0 eng d | ||
| 020 | _cRs. 250.00 | ||
| 040 | _aSEACOMMC | ||
| 082 |
_a620.0042 _bFLE |
||
| 100 | 1 | _aFletcher, William I. | |
| 245 | 1 | 3 |
_aAn engineering approach to digital design _cWilliam I. Fletcher |
| 260 |
_aNew Delhi _bPrentice-Hall _c2002 |
||
| 650 | _aEngineering | ||
| 942 | _cBOOK | ||
| 999 |
_c341 _d341 |
||